LIBRARY ONLINE CATALOGUE

Five graphic music analyses (Record no. 15955)

MARC details
000 -LEADER
fixed length control field 00574nam a22001697a 4500
008 - FIXED-LENGTH DATA ELEMENTS--GENERAL INFORMATION
fixed length control field 160513b xxu||||| |||| 00| 0 eng d
020 ## - INTERNATIONAL STANDARD BOOK NUMBER
International Standard Book Number 0486222942
040 ## - CATALOGING SOURCE
Original cataloging agency KABU
Transcribing agency KABU
050 ## - LIBRARY OF CONGRESS CALL NUMBER
Classification number MT140
Item number .S34 1969 c.1
100 ## - MAIN ENTRY--PERSONAL NAME
Personal name Schenker, Heinrich
245 ## - TITLE STATEMENT
Title Five graphic music analyses
Statement of responsibility, etc. Heinrich Schenker with a new introduction by Felix Salzer
260 ## - PUBLICATION, DISTRIBUTION, ETC. (IMPRINT)
Place of publication, distribution, etc. Mineola, New York
Name of publisher, distributor, etc. Dover Publications
Date of publication, distribution, etc. 1969
300 ## - PHYSICAL DESCRIPTION
Extent 61 p.
650 ## - SUBJECT ADDED ENTRY--TOPICAL TERM
Topical term or geographic name as entry element Piano music
General subdivision Analysis, appreciation
700 ## - ADDED ENTRY--PERSONAL NAME
Personal name Salzer, Felix
942 ## - ADDED ENTRY ELEMENTS (KOHA)
Source of classification or shelving scheme Library of Congress Classification
Koha item type General Collection
Classification part MT140 .S34 1969 c. 1
Holdings
Withdrawn status Lost status Source of classification or shelving scheme Not for loan Home library Current library Shelving location Date acquired Cost, normal purchase price Total Checkouts Full call number Barcode Date last seen Copy number Price effective from Koha item type
    Library of Congress Classification   Kabarak, Main Campus Kabarak, Main Campus General Stacks 13/05/2016 1695.00   MT140 .S34 1969 c.1 026161 13/05/2016 c. 1 13/05/2016 General Collection